| 000 | 01003nam a2200241Ii 4500 | ||
|---|---|---|---|
| 003 | JO-AjNU | ||
| 008 | 230605s9999||||xx |||||||||||||| ||und|| | ||
| 017 | _a2014/6/2649 | ||
| 020 | _a978-9957-589-38-7 | ||
| 040 |
_aJO-AjNU _bara _erda _cJO-AjNU |
||
| 041 | _aara | ||
| 050 | 1 | 4 | _aPJ7864 2015 |
| 100 | 3 |
_aعبد الحميد، فراس, _eauthor _949956 |
|
| 245 | 0 | 0 | _aروائع الشاعر الفلسطيني: إبراهيم طوقان: حياته - روائع من شعره |
| 250 | _aالطبعة العربية | ||
| 264 | 3 | 1 | _aعمان: دار امجد للنشر والتوزيع، 2015 |
| 300 | _a102ص | ||
| 336 |
_atext _btxt _2rdacontent |
||
| 337 |
_aunmediated _bn _2rdamedia |
||
| 338 |
_avolume _bnc _2rdacarrier |
||
| 490 | 0 | _aسلسلة شعراء من فلسطين؛ 2 | |
| 650 | 4 |
_aالشعر العربي - فلسطين - تاريخ ونقد - قرن 20، الشعراء الفسطينون - تراجم، ابراهيم عبد الفتاح طوقان 1905 -1941م _949957 |
|
| 999 |
_aA21975 _c25543 _d25543 |
||